Resolución No. 29-2014, sobre la declaración de urgencia para la contratación de compañías y (Record no. 9561)

MARC details
000 -LEADER
campo de control de longitud fija 00436nam a2200133Ia 4500
001 - NÚMERO DE CONTROL
campo de control 4394
008 - DATOS DE LONGITUD FIJA--INFORMACIÓN GENERAL
campo de control de longitud fija 241024s9999 xx 000 0 und d
082 ## - NÚMERO DE LA CLASIFICACIÓN DECIMAL DEWEY
Número de clasificación RD/344.07/R426r/28-2014
100 ## - ENTRADA PRINCIPAL--NOMBRE DE PERSONA
Nombre de persona República Dominicana. Ministerio de Educación
245 #0 - MENCIÓN DEL TÍTULO
Título Resolución No. 29-2014, sobre la declaración de urgencia para la contratación de compañías y
260 ## - PUBLICACIÓN, DISTRIBUCIÓN, ETC.
Nombre del editor, distribuidor, etc. Santo Domingo
Fecha de publicación, distribución, etc. 2014
901 ## - ELEMENTOS DE DATOS A LOCAL LDA (RLIN)
a 7/9/2016 8:41:22 a.m.

No items available.

© 2024. Todos los Derechos Reservados. Desarrollado por IDEICE